01411nab a2200241 i 4500001000400000003000400004005001700008008003900025040000800064080001200072080001000084100010900094245033700203260001000540500002100550520033700571650001500908700011200923773006901035942001301104999001501117952003701132BPPBPK20141206161838.0141206s2005 pl n f |000 0pol cBPK a004.42: a631.3 aKUKIEŁKA, Leon.d1996 - .bPolitechnika Koszalińska - Wydział Mechaniczny,cKatedra Maszyn Roboczych aZastosowanie programu komputerowego experiment planner do identyfikacji procesów rozróżniania składników mieszaniny bulw ziemniaka i kamieni = Aplication of the experiment planner computer program to the process identification for discrinination of components in bulbs and stones mixture /cMaja Jakubowska, Leon Kukiełka. c2005. aDane z autopsji. aW artykule przedstawiono nowy program komputerowy do wspomagania eksperymentów. Opisano podstawowe jego możliwości na przykładzie sprawdzenia istotności wpływu czynników: ciężaru właściwego, długości, kształtu i masy na współczynnik rozpoznawania kamieni w składnikach mieszaniny bulw ziemniaka i kamieni. 0aZiemniaki. aJAKUBOWSKA, Maja - doktorant.bPolitechnika Koszalińska - Wydział Mechaniczny,cKatedra Maszyn Roboczych iW :tInżynieria Rolnicza. -gR. 9, 2005, nr 14(74), s. 147-154 cART2UKD c3151d3151 00104070aBPKbBPKo01443yART